Návrh logistiky materiálového toku v pružnej výrobnej bunke z hľadiska práce skladového systému
Na minha lista:
| Autor principal: | |
|---|---|
| Outros Autores: | |
| Formato: | Manuscrito Livro |
| Idioma: | eslovaco |
| Publicado em: |
STU v Bratislave MTF UVSM KTZS,
2010
|
| Assuntos: | |
| Acesso em linha: | VAIS |
| Tags: |
Sem tags, seja o primeiro a adicionar uma tag!
|
MARC
| LEADER | 00000ntm a22000003a 4500 | ||
|---|---|---|---|
| 001 | stu206197 | ||
| 005 | 20160719160156.8 | ||
| 008 | 100702s2010------------------------slo-d | ||
| 040 | |a STU |b slo | ||
| 041 | 0 | |a slo | |
| 100 | 1 | |a Omelka, Tomáš, |d 1984- |4 aut |X 24049 |7 A000024049 | |
| 242 | 0 | 0 | |a Návrh logistiky materiálového toku v pružnej výrobnej bunke z hľadiska práce skladového systému |y eng |
| 245 | 1 | |a Návrh logistiky materiálového toku v pružnej výrobnej bunke z hľadiska práce skladového systému | |
| 260 | |b STU v Bratislave MTF UVSM KTZS, |c 2010 | ||
| 650 | 7 | |a pružnosť |2 stusub | |
| 650 | 7 | |a flexibility |2 estusub | |
| 650 | 7 | |a robot |2 estusub | |
| 650 | 7 | |a pružná výrobná bunka |2 stusub | |
| 650 | 7 | |a skladový systém |2 stusub | |
| 650 | 7 | |a materiálový tok |2 stusub | |
| 650 | 7 | |a automatizácia |2 stusub | |
| 650 | 7 | |a montáž |2 stusub | |
| 650 | 7 | |a manipulátor |2 stusub | |
| 650 | 7 | |a robot |2 estusub | |
| 650 | 7 | |a automation |2 estusub | |
| 650 | 7 | |a manipulator |2 stusub | |
| 700 | 1 | |a Mudriková, Andrea, |d 1970- |4 xxx |u M2000 |U MTF Materiálovotechnologická fakulta |T MTF Ústav výrobných systémov a aplikovanej mechaniky |X 2218 |U M2000 |Y 82 |7 A000002218 | |
| 856 | 4 | |a info a plný text |u http://is.stuba.sk/zp/portal_zp.pl?podrobnosti=58611 |3 VAIS | |
| 996 | |c M*DP-8868 |l MMSKP |s P |a 0 |w stu206197_0001 | ||